000 00538nam a2200181Ia 4500
005 20250508164438.0
008 008 250505s9999 xx 000 0 eng d
037 _aTextual
040 _aFEDL
_beng
_cFEDL
041 _aeng
_2eng
084 _a111.2, HAW
_qFEDL
100 _aHawking Stephen W
_948227
245 0 _aTheory of everything: The origin and fate of the universe
260 _aMumbai, India
_bJaico Publishing House
_c2007
300 _aviii,132p.
942 _cTEXL
_h111.2, HAW
999 _c1389173
_d1389173